00601cam6a220019300 4500001001200000008004100012010001900053035001900072035002400091035002200115050001500137082001000152100006700162245007200229260004200301650002600343700003200369004000600401lce00561060730220s1962 caua 000 0 eng  a 62010136 /L a(Sirsi) r52561 a(DLC) 62010136 /L a(UPRA)lce005610600 aQL641b.G6 a598.11 aGoin, Coleman Jett, 1911-dGoin, Coleman Jett, 1911-6A11132.110aIntroduction to herpetology,cby Coleman J. Goin and Olive B. Goin. aSan Francisco,bW. H. Freemanc[1962] 0aHerpetology.6S7524.11 aGoin, Olive Bown.6A11133.152561